| 000 | 00793nam a2200193 a 4500 | ||
|---|---|---|---|
| 008 | 191202s2014 ||||||||||||||||| || u | ||
| 020 | _a9781455744763 | ||
| 050 | _aRK 667 Tor | ||
| 100 | _aTorabinejad, Mahmoud | ||
| 245 | 1 | 0 |
_aPrinciples and practice of single implant and restoration _cBy Mahmoud Torabinejad ; Mohammad A. Sabeti ; Charles J. Goodacre |
| 260 |
_aMissouri _bElsevier Saunders _c2014 |
||
| 300 | _axviii, 200 pages : illustrations | ||
| 350 | _a0.00 | ||
| 650 | _aFILLINGS (DENTISTRY) | ||
| 650 | 0 | _aDENTAL IMPLANTS | |
| 700 | _aSabeti, Mohammad A | ||
| 700 | _aGoodacre, Charles J | ||
| 995 |
_aMICHAEL CHILUFYA SATA OPEN ACCESS _e904539 _FCBU-SCHOOL OF MEDICINE LIBRARY (Ndola) _I0.00 _jRK 667 Tor _M1 _UAVAILABLE _WDec 5, 2019 _y904539 _ZMain Library Open Access Collection |
||
| 999 |
_c32492 _d32492 |
||